[Event "26th Abu Dhabi Master 2019"]
[Site "Abu Dhabi"]
[Date "2019.08.03"]
[Round "3.54"]
[White "Asaka, Samuel"]
[Black "Kulkarni, Rakesh"]
[Result "0-1"]
[WhiteElo "2201"]
[BlackElo "2360"]
[Annotator "NA"]
[PlyCount "50"]
[EventDate "2019.08.02"]
[EventType "swiss"]
[EventCountry "UAE"]
[SourceTitle "playchess.com"]
[Source "ChessBase"]
[SourceQuality "1"]
[TimeControl "5400+30"]

1. d4 c5 2. d5 Nf6 3. Nc3 e5 4. e4 d6 5. Nf3 a6 6. a4 g6 7. Be2 Bg7 8. O-O O-O 9. Nd2 Nbd7 10. Nc4 Ne8 11. a5 f5 12. f4 exf4 13. Bxf4 Ne5 14. Nxe5 Bxe5 15. Bxe5 dxe5 16. exf5 gxf5 17. Qe1 Qe7 18. Na4 Bd7 19. Nb6 Rd8 20. Nc4 Bb5 21. Ne3 Nd6 22. c4 Bd7 23. Bd3 f4 24. Nd1 e4 25. b3 Qg7 0-1

[Event "26th Abu Dhabi Master 2019"]
[Site "Abu Dhabi"]
[Date "2019.08.03"]
[Round "3.55"]
[White "Ajay Karthikeyan"]
[Black "Dixit, Nikhil"]
[Result "0-1"]
[WhiteElo "2216"]
[BlackElo "2318"]
[Annotator "NA"]
[PlyCount "82"]
[EventDate "2019.08.02"]
[EventType "swiss"]
[EventCountry "UAE"]
[SourceTitle "playchess.com"]
[Source "ChessBase"]
[SourceQuality "1"]
[TimeControl "5400+30"]

1. d4 {[%emt 0:05:50]} Nf6 {[%emt 0:00:00]} 2. Bf4 {[%emt 0:00:35]} g6 {[%emt 0:00:08]} 3. Nc3 {[%emt 0:00:02]} d5 {[%emt 0:00:51]} 4. e3 {[%emt 0:00:04]} Bg7 {[%emt 0:00:11]} 5. h4 {[%emt 0:00:01]} h6 {[%emt 0:01:29]} 6. Be2 {[%emt 0:01:03]} c6 {[%emt 0:00:50]} 7. Nf3 {[%emt 0:00:26]} b5 {[%emt 0:02:10]} 8. O-O {[%emt 0:02:23]} O-O {[%emt 0:03:27]} 9. Ne5 {[%emt 0:03:31]} Nfd7 {[%emt 0:06:30]} 10. Nd3 {[%emt 0:09:25]} a5 {[%emt 0:04:00]} 11. Bg3 {[%emt 0:03:01]} h5 {[%emt 0:12:06]} 12. Bf3 {[%emt 0:02:49]} Nf6 {[%emt 0:03:43]} 13. Re1 {[%emt 0:04:22]} Bf5 {[%emt 0:04:28]} 14. Nc5 {[%emt 0:05:48]} Na6 {[%emt 0:05:40]} 15. Nxa6 {[%emt 0:08:47]} Rxa6 {[%emt 0:02:00]} 16. Be5 {[%emt 0:00:03]} Ne4 {[%emt 0:08:21]} 17. Nxe4 {[%emt 0:03:30]} dxe4 {[%emt 0:03:32]} 18. Bxg7 {[%emt 0:00:13]} Kxg7 {[%emt 0:00:02]} 19. Be2 {[%emt 0:00:14]} e6 {[%emt 0:04:02]} 20. a4 {[%emt 0:03:41]} Qxh4 {[%emt 0:04:27]} 21. axb5 {[%emt 0:00:13]} cxb5 {[%emt 0:00:20]} 22. Bxb5 {[%emt 0:00:20]} Rb6 {[%emt 0:06:35]} 23. Rxa5 {[%emt 0:08:54]} Rfb8 {[%emt 0:05:23]} 24. c4 {[%emt 0:05:42]} Bg4 {[%emt 0:02:15]} 25. Re2 {[%emt 0:00:11]} Bf3 {[%emt 0:05:41]} 26. gxf3 {[%emt 0:12:28]} exf3 {[%emt 0:00:27]} 27. Rc2 {[%emt 0:00:12]} Qg4+ {[%emt 0:01:23]} 28. Kf1 {[%emt 0:01:11]} h4 {[%emt 0:00:44]} 29. Ke1 {[%emt 0:01:19]} h3 {[%emt 0:00:32]} 30. Kd2 {[%emt 0:00:33]} h2 {[%emt 0:04:20]} 31. Ra1 {[%emt 0:01:53]} e5 {[%emt 0:00:50]} 32. Kc3 {[%emt 0:05:11]} Rh8 {[%emt 0:00:28]} 33. Qh1 {[%emt 0:01:53]} exd4+ {[%emt 0:00:35]} 34. Kb3 {[%emt 0:05:40]} Qe6 {[%emt 0:02:56]} 35. Kb4 {[%emt 0:01:26]} Qe4 {[%emt 0:00:48]} 36. Rd2 {[%emt 0:02:47]} Rxb5+ {[%emt 0:00:38]} 37. Kxb5 {[%emt 0:00:10]} Rb8+ {[%emt 0:00:58]} 38. Kc5 {[%emt 0:00:03]} Rc8+ {[%emt 0:00:38]} 39. Kb6 {[%emt 0:00:35]} Qc6+ {[%emt 0:00:14]} 40. Ka5 {[%emt 0:00:02]} Ra8+ {[%emt 0:00:13]} 41. Kb4 {[%emt 0:00:05]} Qb6# {[%emt 0:00:11]} 0-1

[Event "26th Abu Dhabi Master 2019"]
[Site "Abu Dhabi"]
[Date "2019.08.03"]
[Round "3.56"]
[White "Moksh Amit Doshi"]
[Black "Salem, Ghuloom"]
[Result "1-0"]
[WhiteElo "2229"]
[BlackElo "2205"]
[Annotator "NA"]
[PlyCount "87"]
[EventDate "2019.08.02"]
[EventType "swiss"]
[EventCountry "UAE"]
[SourceTitle "playchess.com"]
[Source "ChessBase"]
[SourceQuality "1"]
[TimeControl "5400+30"]

1. d4 c6 2. c4 d6 3. Nf3 Bg4 4. e4 Qc7 5. h3 Bh5 6. Nc3 Nd7 7. Be2 Ngf6 8. O-O e5 9. Be3 Be7 10. d5 Bg6 11. Nd2 O-O 12. b4 a5 13. a3 Ne8 14. Qb3 f5 15. exf5 Bxf5 16. c5 Kh8 17. Nde4 a4 18. Qa2 Bxe4 19. Nxe4 cxd5 20. Qxd5 Nef6 21. cxd6 Nxd5 22. dxc7 Nxc7 23. Rfd1 Rfd8 24. Rac1 Ne6 25. Rxd7 Rxd7 26. Bg4 Nd4 27. Bxd7 Ne2+ 28. Kf1 Nxc1 29. Bxc1 Kg8 30. Bb2 Kf7 31. Bxe5 Bf8 32. Nc3 Ke7 33. Bxa4 b5 34. Bxb5 Rxa3 35. Bc4 Kd7 36. b5 g5 37. Ke2 h6 38. Kd3 Bb4 39. Bd5 Bc5 40. Bd4 Kd6 41. Kc4 Bxd4 42. Kxd4 Ra1 43. b6 Rf1 44. Nb5+ {Kxd5+ Ke4+} 1-0

[Event "26th Abu Dhabi Master 2019"]
[Site "Abu Dhabi"]
[Date "2019.08.03"]
[Round "3.57"]
[White "Al Hosani, Omran"]
[Black "Zhang, Xiaowen"]
[Result "0-1"]
[WhiteElo "2135"]
[BlackElo "2318"]
[Annotator "NA"]
[PlyCount "84"]
[EventDate "2019.08.02"]
[EventType "swiss"]
[EventCountry "UAE"]
[SourceTitle "playchess.com"]
[Source "ChessBase"]
[SourceQuality "1"]
[TimeControl "5400+30"]

1. d4 {[%emt 0:01:13]} Nf6 {[%emt 0:01:14]} 2. c4 {[%emt 0:04:46]} e6 {[%emt 0:01:12]} 3. Nc3 {[%emt 0:00:38]} d5 {[%emt 0:00:09]} 4. Bg5 {[%emt 0:03:35]} Be7 {[%emt 0:00:07]} 5. e3 {[%emt 0:00:51]} h6 {[%emt 0:00:32]} 6. Bh4 {[%emt 0:00:21]} O-O {[%emt 0:00:07]} 7. Qc2 {[%emt 0:00:27]} Nbd7 {[%emt 0:20:03]} 8. cxd5 {[%emt 0:00:47]} exd5 {[%emt 0:01:56]} 9. Bd3 {[%emt 0:00:11]} c6 {[%emt 0:00:20]} 10. Nge2 {[%emt 0:00:15]} Re8 {[%emt 0:02:05]} 11. O-O {[%emt 0:00:40]} Nh5 {[%emt 0:00:32]} 12. Bxe7 {[%emt 0:00:11]} Qxe7 {[%emt 0:00:04]} 13. Rab1 {[%emt 0:03:40]} a5 {[%emt 0:00:32]} 14. a3 {[%emt 0:01:30]} Nhf6 {[%emt 0:01:25]} 15. b4 {[%emt 0:00:17]} Nb6 {[%emt 0:05:21]} 16. b5 {[%emt 0:03:52]} c5 {[%emt 0:00:04]} 17. dxc5 {[%emt 0:01:32]} Qxc5 {[%emt 0:00:04]} 18. Qb3 {[%emt 0:13:31]} Ng4 {[%emt 0:20:42]} 19. Rbd1 {[%emt 0:20:13]} Be6 {[%emt 0:04:09]} 20. Nf4 {[%emt 0:05:27]} Qc7 {[%emt 0:10:29]} 21. g3 {[%emt 0:02:40]} Qe5 {[%emt 0:04:34]} 22. Nxe6 {[%emt 0:16:55]} fxe6 {[%emt 0:01:36]} 23. h3 {[%emt 0:03:04]} Nf6 {[%emt 0:02:54]} 24. Na4 {[%emt 0:01:20]} Nbd7 {[%emt 0:01:00]} 25. Rc1 {[%emt 0:00:42]} Rac8 {[%emt 0:06:15]} 26. Rc2 {[%emt 0:00:51]} Qh5 {[%emt 0:03:20]} 27. Kg2 {[%emt 0:00:55]} Ne5 {[%emt 0:00:16]} 28. Be2 {[%emt 0:03:02]} Qf5 {[%emt 0:00:16]} 29. Rfc1 {[%emt 0:00:37]} Ne4 {[%emt 0:03:15]} 30. f3 {[%emt 0:03:02]} Rxc2 {[%emt 0:02:47]} 31. Qxc2 {[%emt 0:00:23]} Rf8 {[%emt 0:00:57]} 32. g4 {[%emt 0:03:34]} Qf6 {[%emt 0:00:51]} 33. Qd1 {[%emt 0:01:53]} Nxf3 {[%emt 0:03:51]} 34. Bxf3 {[%emt 0:00:10]} Ng5 {[%emt 0:00:02]} 35. Bxd5 {[%emt 0:00:58]} Qf2+ {[%emt 0:01:16]} 36. Kh1 {[%emt 0:00:02]} exd5 {[%emt 0:00:04]} 37. Qxd5+ {[%emt 0:01:09]} Kh8 {[%emt 0:00:05]} 38. Qg2 {[%emt 0:00:34]} Qxe3 {[%emt 0:00:06]} 39. Rf1 {[%emt 0:00:30]} Rd8 {[%emt 0:02:38]} 40. Nb2 {[%emt 0:01:19]} Ne4 {[%emt 0:00:42]} 41. Rf3 {[%emt 0:01:51]} Qc1+ {[%emt 0:00:22]} 42. Rf1 {[%emt 0:00:25]} Ng3+ {[%emt 0:00:22]} 0-1

[Event "26th Abu Dhabi Master 2019"]
[Site "Abu Dhabi"]
[Date "2019.08.03"]
[Round "3.58"]
[White "Srijit Paul"]
[Black "Priyanka, K."]
[Result "1-0"]
[WhiteElo "2298"]
[BlackElo "2201"]
[Annotator "NA"]
[PlyCount "52"]
[EventDate "2019.08.02"]
[EventType "swiss"]
[EventCountry "UAE"]
[SourceTitle "playchess.com"]
[Source "ChessBase"]
[SourceQuality "1"]
[TimeControl "5400+30"]

1. e4 c5 2. Nf3 d6 {[%emt 0:00:13]} 3. d4 {[%emt 0:00:00]} cxd4 {[%emt 0:00:20]} 4. Nxd4 {[%emt 0:00:00]} Nf6 {[%emt 0:00:24]} 5. Nc3 {[%emt 0:00:06]} a6 {[%emt 0:00:55]} 6. h3 {[%emt 0:00:08]} e5 {[%emt 0:04:11]} 7. Nde2 {[%emt 0:00:06]} h5 {[%emt 0:00:21]} 8. g3 {[%emt 0:00:06]} Be6 {[%emt 0:02:10]} 9. Bg2 {[%emt 0:00:07]} Nbd7 {[%emt 0:00:34]} 10. a4 {[%emt 0:00:21]} Be7 {[%emt 0:01:10]} 11. Rf1 {[%emt 0:01:59]} Rc8 {[%emt 0:00:36]} 12. Be3 {[%emt 0:01:06]} Nb6 {[%emt 0:01:26]} 13. b3 {[%emt 0:00:48]} d5 {[%emt 0:01:43]} 14. Bxb6 {[%emt 0:02:18]} Qxb6 {[%emt 0:00:08]} 15. Nxd5 {[%emt 0:00:04]} Nxd5 {[%emt 0:01:19]} 16. exd5 {[%emt 0:00:09]} Bd7 {[%emt 0:00:59]} 17. c4 {[%emt 0:04:37]} f5 {[%emt 0:03:21]} 18. d6 {[%emt 0:01:10]} Bf6 {[%emt 0:08:59]} 19. Nc3 {[%emt 0:03:31]} e4 {[%emt 0:04:05]} 20. Nd5 {[%emt 0:00:12]} Qxd6 {[%emt 0:01:25]} 21. Nxf6+ {[%emt 0:00:17]} Qxf6 {[%emt 0:00:43]} 22. f3 {[%emt 0:00:19]} f4 {[%emt 0:21:45]} 23. fxe4 {[%emt 0:01:05]} Qb6 {[%emt 0:01:56]} 24. g4 {[%emt 0:00:00] fxg3 Qd5} Qe6 {[%emt 0:00:00] Qxb7} 25. g5 {[%emt 0:08:46] Qb4} Qe7 {[%emt 0:00:00] Qc3 Rg8 Qxg3} 26. h4 {[%emt 0:07:21] Qd3 g4 Bf3 gxh3 Qe3} Rc5 {[%emt 0:00:00] O-O-O Rg3 Qh6 Rcg5 Qxa6 Kd8 Qa8+ Kc7 Qa7+ Kc8 Bg4} 1-0

[Event "26th Abu Dhabi Master 2019"]
[Site "Abu Dhabi"]
[Date "2019.08.03"]
[Round "3.59"]
[White "Pranesh M"]
[Black "Arjun C Krishnamachari"]
[Result "1-0"]
[WhiteElo "2343"]
[BlackElo "2212"]
[Annotator "TA"]
[PlyCount "61"]
[EventDate "2019.08.02"]
[EventType "swiss"]
[EventCountry "UAE"]
[SourceTitle "playchess.com"]
[Source "ChessBase"]
[SourceQuality "1"]

{[%evp 12,61,42,28,29,35,62,47,52,30,50,42,87,84,90,95,113,77,79,81,149,158,162,152,138,139,138,91,277,262,262,238,233,232,274,281,283,272,256,286,311,266,375,354,547,533,1236,1235,1194,483,29995,29988]} 1. e4 e5 2. Nf3 Nc6 3. Bb5 d6 4. d4 exd4 5. Nxd4 Bd7 6. Nc3 Nf6 7. Be3 Be7 {C62: Ruy Lopez: Steinitz Defence} 8. f3 h6 (8... O-O 9. Bxc6 bxc6 10. Qd2 Qb8 11. b3 Re8 12. O-O {0-1 (46) Dragun,K (2610)-Kadric,D (2502) Columbus 2017}) 9. Qd2 Nxd4 {White is slightly better.} 10. Bxd4 (10. Bxd7+ {is interesting.} Nxd7 11. Bxd4 O-O 12. O-O-O Re8 13. Kb1) 10... Bxb5 11. Nxb5 a6 12. Nc3 {[%cal Bb5c3,Bc3e2,Be2g3,Bg3f5][%mdl 32]} O-O 13. O-O-O b5 $146 ({Predecessor:} 13... Qd7 14. g4 c5 15. Bxc5 {1-0 (23) Volkov,D-Kiriljuk,V Nikolaev 2001}) 14. Kb1 b4 15. Ne2 Qc8 (15... a5 $142) 16. g4 $16 Nd7 17. Ng3 Ne5 18. Nf5 (18. Qxb4 $2 c5 $19) 18... Qe6 19. Qg2 $40 {[%mdl 128] White attacks with force.} ({Don't do} 19. Qxb4 $6 c5 $14) 19... Bf6 $2 {[#]} (19... c5 $16) 20. g5 $1 $18 {[%mdl 512]} hxg5 (20... Bxg5 21. f4) 21. h4 $1 {[%cal Rh4g5]} g4 {White must now prevent ...c5.} 22. f4 Nc4 {Threatens to win with ...c5.} 23. Qxg4 c5 24. Bxf6 $1 Qxf6 {[%csl Gc4][%cal Rf6b2] [#]} 25. e5 $1 {[%cal Re5f6][%mdl 512]} dxe5 {[#]} 26. Nxg7 $1 {[%mdl 512] And now Nf5+ would win.} Qxf4 {[#]} ({Much weaker is} 26... Qxg7 $6 27. Qe2 $18) (26... Ne3 $142 27. Qh5 Qg6) 27. Qe2 $1 {Strongly threatening Rhg1.} Kxg7 (27... Rfd8 {is a better defense.}) 28. Rhg1+ Kh6 29. Rg5 {[%csl Gg5][%cal Re2h5]} ({Not} 29. Rg4 Qe3 $16) 29... Qxh4 30. Rgg1 (30. Rg4 $142 Qh5 {[#]} 31. Qf2 $1 {[%mdl 512]}) 30... Qh5 {[#]} (30... Rad8 $18) 31. Qxh5+ {Played: Rg1-h1} 1-0

[Event "26th Abu Dhabi Master 2019"]
[Site "Abu Dhabi"]
[Date "2019.08.03"]
[Round "3.60"]
[White "Haase, Pavel"]
[Black "Bhambure, Shantanu"]
[Result "0-1"]
[WhiteElo "2160"]
[BlackElo "2275"]
[Annotator "NA"]
[PlyCount "96"]
[EventDate "2019.08.02"]
[EventType "swiss"]
[EventCountry "UAE"]
[SourceTitle "playchess.com"]
[Source "ChessBase"]
[SourceQuality "1"]
[TimeControl "5400+30"]

1. f4 {[%emt 0:03:39]} Nf6 {[%emt 0:00:00]} 2. Nf3 {[%emt 0:00:15]} d5 {[%emt 0:00:33]} 3. e3 {[%emt 0:00:08]} g6 {[%emt 0:00:33]} 4. b3 {[%emt 0:00:13]} Bg7 {[%emt 0:00:26]} 5. Bb2 {[%emt 0:00:06]} O-O {[%emt 0:00:14]} 6. Be2 {[%emt 0:05:36]} c5 {[%emt 0:00:48]} 7. O-O {[%emt 0:00:33]} d4 {[%emt 0:01:13]} 8. exd4 {[%emt 0:04:01]} Nd5 {[%emt 0:00:54]} 9. c3 {[%emt 0:01:49]} Nxf4 {[%emt 0:06:23]} 10. dxc5 {[%emt 0:01:16]} e5 {[%emt 0:15:56]} 11. Na3 {[%emt 0:16:42]} Nc6 {[%emt 0:14:03]} 12. Nc4 {[%emt 0:20:15]} e4 {[%emt 0:04:44]} 13. Ne1 {[%emt 0:00:15]} Qg5 {[%emt 0:04:02]} 14. Kh1 {[%emt 0:00:46]} Be6 {[%emt 0:12:33]} 15. Nd6 {[%emt 0:09:07]} Bd5 {[%emt 0:07:00]} 16. Bc4 {[%emt 0:10:05]} Bxc4 {[%emt 0:06:20]} 17. Nxc4 {[%emt 0:00:10]} Ne6 {[%emt 0:05:45]} 18. b4 {[%emt 0:01:35]} Qd5 {[%emt 0:02:20]} 19. d3 {[%emt 0:03:05]} Rad8 {[%emt 0:04:53]} 20. Nd6 {[%emt 0:06:31]} Nxb4 {[%emt 0:01:50]} 21. cxb4 {[%emt 0:00:34]} Bxb2 {[%emt 0:00:21]} 22. Rb1 {[%emt 0:02:18]} Be5 {[%emt 0:01:11]} 23. Nxe4 {[%emt 0:00:55]} f5 {[%emt 0:02:57]} 24. Nd2 {[%emt 0:00:41]} Qxa2 {[%emt 0:01:36]} 25. Nc4 {[%emt 0:01:54]} Bg7 {[%emt 0:00:53]} 26. Nc2 {[%emt 0:01:34]} Rd7 {[%emt 0:02:40]} 27. Qe2 {[%emt 0:06:01]} Nf4 {[%emt 0:01:02]} 28. Rxf4 {[%emt 0:03:23]} Qxb1+ {[%emt 0:00:10]} 29. Rf1 {[%emt 0:00:02]} Qb3 {[%emt 0:00:54]} 30. d4 {[%emt 0:00:48]} Kh8 {[%emt 0:00:45]} 31. Rf3 {[%emt 0:00:23]} Qb1+ {[%emt 0:01:04]} 32. Rf1 {[%emt 0:00:06]} Qb3 {[%emt 0:00:56]} 33. Rf3 {[%emt 0:00:12]} Qa2 {[%emt 0:00:25]} 34. Nd6 {[%emt 0:00:14]} Bf6 {[%emt 0:01:02]} 35. Re3 {[%emt 0:00:57]} Qb1+ {[%emt 0:00:28]} 36. Ne1 {[%emt 0:00:04]} Rg7 {[%emt 0:00:33]} 37. Re8 {[%emt 0:01:26]} Rgg8 {[%emt 0:00:24]} 38. Rxf8 {[%emt 0:00:47]} Rxf8 {[%emt 0:00:02]} 39. g3 {[%emt 0:00:29]} Qxb4 {[%emt 0:00:55]} 40. Nc2 {[%emt 0:00:28]} Qb3 {[%emt 0:00:28]} 41. Nc4 {[%emt 0:00:34]} Rd8 {[%emt 0:00:41]} 42. Kg2 {[%emt 0:00:12]} Qb5 {[%emt 0:00:28]} 43. Kf2 {[%emt 0:00:48]} Qc6 {[%emt 0:00:33]} 44. Nd6 {[%emt 0:00:11]} Qd7 {[%emt 0:00:28]} 45. Qc4 {[%emt 0:00:29]} Kg7 {[%emt 0:00:15]} 46. Ne3 {[%emt 0:00:45]} b6 {[%emt 0:00:32]} 47. Nd5 {[%emt 0:00:27]} Qe6 {[%emt 0:00:28]} 48. Ne3 {[%emt 0:00:39]} Qxc4 {[%emt 0:00:15]} 0-1

[Event "26th Abu Dhabi Master 2019"]
[Site "Abu Dhabi"]
[Date "2019.08.03"]
[Round "3.61"]
[White "Gomes, Mary Ann"]
[Black "Panda Sambit"]
[Result "0-1"]
[WhiteElo "2303"]
[BlackElo "2126"]
[Annotator "NA"]
[PlyCount "64"]
[EventDate "2019.08.02"]
[EventType "swiss"]
[EventCountry "UAE"]
[SourceTitle "playchess.com"]
[Source "ChessBase"]
[SourceQuality "1"]
[TimeControl "5400+30"]

1. Nf3 {[%emt 0:00:00]} d5 {[%emt 0:00:02]} 2. c4 {[%emt 0:00:00]} d4 {[%emt 0:00:17]} 3. g3 {[%emt 0:00:00]} Nc6 {[%emt 0:00:05]} 4. Bg2 {[%emt 0:00:03]} e5 {[%emt 0:00:04]} 5. d3 {[%emt 0:00:05]} Bb4+ {[%emt 0:00:04]} 6. Bd2 {[%emt 0:00:07]} a5 {[%emt 0:00:04]} 7. O-O {[%emt 0:00:10]} Nf6 {[%emt 0:00:04]} 8. Bg5 {[%emt 0:00:18]} O-O {[%emt 0:03:51]} 9. Nbd2 {[%emt 0:00:10]} h6 {[%emt 0:01:54]} 10. Bxf6 {[%emt 0:00:06]} Qxf6 {[%emt 0:00:05]} 11. a3 {[%emt 0:00:06]} Be7 {[%emt 0:00:04]} 12. e3 {[%emt 0:00:07]} dxe3 {[%emt 0:08:18]} 13. fxe3 {[%emt 0:00:06]} Qg6 {[%emt 0:04:57]} 14. Qe2 {[%emt 0:00:20]} Bg4 {[%emt 0:04:19]} 15. Ne4 {[%emt 0:11:09]} f5 {[%emt 0:15:33]} 16. Nf2 {[%emt 0:00:07]} Bh5 {[%emt 0:00:26]} 17. Qd2 {[%emt 0:00:17]} Bc5 {[%emt 0:10:31]} 18. Nh4 {[%emt 0:01:54]} Qg5 {[%emt 0:01:24]} 19. Bd5+ {[%emt 0:02:01]} Kh8 {[%emt 0:03:13]} 20. Ng2 {[%emt 0:00:07]} a4 {[%emt 0:06:17]} 21. Qc3 {[%emt 0:10:04]} Nd4 {[%emt 0:17:28]} 22. Nf4 {[%emt 0:17:51]} exf4 {[%emt 0:09:08]} 23. exd4 {[%emt 0:00:09]} fxg3 {[%emt 0:02:32]} 24. dxc5 {[%emt 0:00:07]} gxf2+ {[%emt 0:00:40]} 25. Kh1 {[%emt 0:00:08]} Qe3 {[%emt 0:02:42]} 26. d4 {[%emt 0:05:24]} f4 {[%emt 0:00:31]} 27. c6 {[%emt 0:02:38]} bxc6 {[%emt 0:00:51]} 28. Bg2 {[%emt 0:01:44]} Be2 {[%emt 0:03:06]} 29. Rfc1 {[%emt 0:02:33]} Rab8 {[%emt 0:01:48]} 30. Rc2 {[%emt 0:00:49]} Bd3 {[%emt 0:01:17]} 31. Rf1 {[%emt 0:06:07]} Bxf1 {[%emt 0:00:56]} 32. Bxf1 {[%emt 0:00:05]} Qe4+ {[%emt 0:00:04]} 0-1

[Event "26th Abu Dhabi Master 2019"]
[Site "Abu Dhabi"]
[Date "2019.08.03"]
[Round "3.62"]
[White "Tashkhodzhaev, Akram"]
[Black "Srija, Seshadri"]
[Result "1-0"]
[WhiteElo "2123"]
[BlackElo "2306"]
[Annotator "NA"]
[PlyCount "77"]
[EventDate "2019.08.02"]
[EventType "swiss"]
[EventCountry "UAE"]
[SourceTitle "playchess.com"]
[Source "ChessBase"]
[SourceQuality "1"]
[TimeControl "5400+30"]

1. e4 {[%emt 0:01:06]} e5 {[%emt 0:00:00]} 2. Nf3 {[%emt 0:00:08]} Nc6 {[%emt 0:00:00]} 3. Bb5 {[%emt 0:00:18]} a6 {[%emt 0:00:00]} 4. Bxc6 {[%emt 0:01:01]} dxc6 {[%emt 0:00:00]} 5. O-O {[%emt 0:00:07]} Qf6 {[%emt 0:01:41]} 6. d4 {[%emt 0:02:55]} exd4 {[%emt 0:00:12]} 7. Qxd4 {[%emt 0:00:07]} Qxd4 {[%emt 0:04:16]} 8. Nxd4 {[%emt 0:00:11]} c5 {[%emt 0:01:47]} 9. Ne2 {[%emt 0:03:57]} Bd7 {[%emt 0:02:13]} 10. Bf4 {[%emt 0:00:57]} O-O-O {[%emt 0:00:43]} 11. Nbc3 {[%emt 0:00:09]} Nf6 {[%emt 0:00:19]} 12. f3 {[%emt 0:04:29]} Bc6 {[%emt 0:06:52]} 13. Rad1 {[%emt 0:01:23]} Re8 {[%emt 0:00:42]} 14. Kf2 {[%emt 0:03:00]} h6 {[%emt 0:04:56]} 15. g4 {[%emt 0:02:56]} g5 {[%emt 0:08:38]} 16. Be3 {[%emt 0:15:32]} Nd7 {[%emt 0:00:23]} 17. Rh1 {[%emt 0:02:17]} Ne5 {[%emt 0:10:49]} 18. h4 {[%emt 0:06:03]} f5 {[%emt 0:12:47]} 19. hxg5 {[%emt 0:11:54]} fxe4 {[%emt 0:01:19]} 20. Nxe4 {[%emt 0:02:23]} Nxg4+ {[%emt 0:12:04]} 21. fxg4 {[%emt 0:00:12]} Bxe4 {[%emt 0:01:17]} 22. Rh3 {[%emt 0:03:13]} Bd6 {[%emt 0:01:18]} 23. Rxd6 {[%emt 0:08:27]} cxd6 {[%emt 0:00:19]} 24. gxh6 {[%emt 0:00:00]} Rhf8+ {[%emt 0:04:31]} 25. Nf4 {[%emt 0:01:59]} Bxc2 {[%emt 0:03:44]} 26. g5 {[%emt 0:00:34]} Re7 {[%emt 0:07:15]} 27. Rg3 {[%emt 0:08:57]} Bg6 {[%emt 0:00:40]} 28. Kg2 {[%emt 0:03:15]} Rg8 {[%emt 0:00:20]} 29. Nxg6 {[%emt 0:02:09]} Rxg6 {[%emt 0:00:01]} 30. Kf3 {[%emt 0:00:32]} Rh7 {[%emt 0:04:41]} 31. Rh3 {[%emt 0:02:34]} d5 {[%emt 0:04:47]} 32. Kg4 {[%emt 0:00:41]} d4 {[%emt 0:00:10]} 33. Bf4 {[%emt 0:01:17]} Kd7 {[%emt 0:01:44]} 34. Kf5 {[%emt 0:01:24]} Rg8 {[%emt 0:00:55]} 35. g6 {[%emt 0:00:20]} Re7 {[%emt 0:01:14]} 36. h7 {[%emt 0:02:14]} Rf8+ {[%emt 0:00:15]} 37. Kg5 {[%emt 0:00:48]} Re1 {[%emt 0:00:24]} 38. g7 {[%emt 0:02:40]} Rg1+ {[%emt 0:00:38]} 39. Rg3 {[%emt 0:00:23]} 1-0

[Event "26th Abu Dhabi Master 2019"]
[Site "Abu Dhabi"]
[Date "2019.08.03"]
[Round "3.63"]
[White "Panesar Vedant"]
[Black "Aaryan Varshney"]
[Result "1/2-1/2"]
[WhiteElo "2092"]
[BlackElo "2284"]
[Annotator "NA"]
[PlyCount "47"]
[EventDate "2019.08.02"]
[EventType "swiss"]
[EventCountry "UAE"]
[SourceTitle "playchess.com"]
[Source "ChessBase"]
[SourceQuality "1"]
[TimeControl "5400+30"]

1. Nf3 Nf6 2. c4 e6 3. g3 d5 4. Bg2 Be7 5. d4 O-O 6. O-O c6 7. Qc2 b6 8. Rd1 Nbd7 9. b3 Bb7 10. Nc3 Rc8 11. e4 c5 12. exd5 exd5 13. Bf4 a6 14. Nxd5 Bxd5 15. cxd5 Nxd5 16. Qd2 cxd4 17. Qxd4 N7f6 18. Be5 Bc5 19. Qd3 Qe7 20. Qxa6 Nb4 21. Qf1 Ne4 22. Bd4 Bxd4 23. Nxd4 Nc3 24. Rd2 1/2-1/2

[Event "26th Abu Dhabi Master 2019"]
[Site "Abu Dhabi"]
[Date "2019.08.03"]
[Round "3.64"]
[White "Nitish Belurkar"]
[Black "Srihari L"]
[Result "1-0"]
[WhiteElo "2302"]
[BlackElo "2101"]
[Annotator "NA"]
[PlyCount "43"]
[EventDate "2019.08.02"]
[EventType "swiss"]
[EventCountry "UAE"]
[SourceTitle "playchess.com"]
[Source "ChessBase"]
[SourceQuality "1"]
[TimeControl "5400+30"]

1. e4 c5 2. Nf3 d6 3. d4 cxd4 4. Nxd4 Nf6 5. Nc3 a6 6. Be3 e6 7. Be2 Be7 8. O-O O-O 9. f4 Qc7 10. g4 Nc6 11. g5 Nd7 12. f5 Nxd4 13. Qxd4 Re8 14. fxe6 fxe6 15. Bh5 g6 16. Nd5 exd5 17. Qxd5+ Kh8 18. Qf7 Qd8 19. Bxg6 hxg6 20. Qxg6 Bxg5 21. Rf7 Bxe3+ 22. Kh1 1-0